Mycenaean pottery from the Levant

Αποθηκεύτηκε σε:
Λεπτομέρειες βιβλιογραφικής εγγραφής
Κύριος συγγραφέας: Stubbings, Frank H.
Μορφή: Βιβλίο
Γλώσσα:English
Δημοσίευση: New York : Cambridge University Press, 1951
Θέματα:
Ετικέτες: Προσθήκη ετικέτας
Δεν υπάρχουν, Καταχωρήστε ετικέτα πρώτοι!

MARC

LEADER 00000cam a2200000 i 4500
001 1/42126
008 031013s1951 eng d
035 |l 10071114 
040 |a GR-MY-UA  |b gre  |e aacr 
041 0 |a eng 
082 0 |a 738.37 
100 1 |a Stubbings, Frank H. 
245 1 0 |a Mycenaean pottery from the Levant /  |c Frank H. Stubbings 
260 |a New York :   |b Cambridge University Press,   |c 1951 
300 |a 111 p.  |b illustrations 
650 0 0 |a Pottery, Mycenaean. 
650 0 0 |a Pottery, Middle East. 
852 |a INST  |b RHODES  |e 20031013  |h 738.37 STU  |p 005400019997  |q 005400019997  |t BK  |y 0 
901 |a BIBL4-2003-3 
909 |a Ρ  |b 104912 
970 |a ΚΟΥΛΑΚΙΟΤΗ  |b ΛΙΤΣΑ  |z 2003/10/13